000 00651nam a22002297a 4500
001 BR2025004574
003 BR-BrBNA
005 20251023162226.0
008 251023b bl.||||| |||| 00| 0 por d
020 _a978-65-0084078-0
040 _aBR-BrBNA
_bpor
041 _apor
072 _aD50 ; F01
090 _aD50 BR2025004574
100 0 _aBressan, Marcelo (org.)
245 _aColetânea da legislação federal agropecuária: área vegetal
_bLegislação básica e complementar
260 _aCuritiba, PR (Brasil)
_bAgroSei
_c2023
300 _av. 1-2
650 _aLEGISLAÇÃO AGRÍCOLA
909 _a202510
_bFernando
942 _cBK
999 _c338793
_d338793